| 000 | 00467nam a2200181Ia 4500 | ||
|---|---|---|---|
| 001 | 15601 | ||
| 005 | 20260306170208.0 | ||
| 008 | 260306t2004||||xx |||||||||||||| ||und|| | ||
| 041 | _aESP | ||
| 082 |
_a551 _bP83 |
||
| 100 |
_aPozo Rodríguez, Manuel _eAUT |
||
| 245 | 0 |
_aGeología práctica: _bintroducción al reconocimiento de materiales y análisis de mapas |
|
| 260 | _c2004 | ||
| 300 |
_a _c |
||
| 650 | _aGEN | ||
| 654 | _aCIC | ||
| 942 |
_cLIB _dJUS _fJUS _2ddc _n |
||
| 999 |
_c15601 _d15601 |
||